🎶 Paroles "Ballade pour Izia" Jacques Higelin - Statistiques

Statistiques générales
  • Ce quiz a été pris 9 fois
  • Le résultat moyen est 174 sur 248
Statistiques - réponses
Mots % Correct
à
100%
amour
100%
ce
100%
Ce
100%
D'
100%
d'
100%
de
100%
De
100%
est
100%
et
100%
Et
100%
j'
100%
l'
100%
la
100%
le
100%
m'
100%
M'
100%
ma
100%
Mon
100%
N'
100%
Ô
100%
Oh,
100%
qui
100%
Qui
100%
attire
86%
au
86%
autre
86%
des
86%
Des
86%
en
86%
en-
86%
les
86%
Les
86%
me
86%
moi,
86%
moi
86%
86%
où,
86%
86%
que
86%
Que
86%
toi,
86%
toi
86%
tout
86%
aux
71%
bel
71%
du
71%
Du
71%
grand
71%
par
71%
peau,
71%
Pour
71%
rien
71%
Rien
71%
ta
71%
un
71%
yeux
71%
absolu
57%
absolu ?
57%
adore
57%
ciel
57%
dort
57%
enchanté
57%
être
57%
lie
57%
manège
57%
merveille
57%
Peut-
57%
plus
57%
relie
57%
sang
57%
sortilèges
57%
tendre
57%
tes
57%
tire
57%
tu ?
57%
tu
57%
versant
57%
viens-
57%
arc-
43%
Bercée
43%
cœur
43%
Dans
43%
don
43%
étoilés
43%
flot
43%
grain
43%
inspire
43%
Je
43%
jouvencelle
43%
Jusqu'
43%
petit
43%
Pire
43%
portes
43%
providentielle
43%
rêves
43%
Se
43%
si
43%
soleil
43%
Sous
43%
voix
43%
ailleurs
29%
attendait
29%
doux
29%
faire
29%
magie
29%
prendre
29%
soi
29%
terre
29%
veux
29%
autour
14%
cordon
14%
courir
14%
Dont
14%
empêcher
14%
enroules
14%
ensorcelle
14%
esprit
14%
lance
14%
malicieux
14%
Naisse
14%
nos
14%
réveilles
14%
rire
14%
soie,
14%
veille
14%
Cachée
0%
caresses
0%
derrière
0%
escorte
0%
étincelles
0%
pluies
0%
sourire
0%
Aucun quiz correspondant
Distribution des résultats
% des personnes avec chaque résultat
Percentile par nombre de réponses
Votre historique - résultats
Vous n’avez pas pris ce quiz